01348nam a22003257a 4500003000500000005001700005008004100022010001000063011001000073035001000083040000900093082001800102110009900120245021700219260004500436300001100481590004100492590004100533590004100574590004200615650002300657650002400680650002600704710004900730901000700779942001000786949007100796999001700867952013800884CHAP20220329135810.0971013s1995 r 00010 d a42396 a43368 a47504 cCHAP a301.4446bA8Y aAsociación Nacional de Universidades e Instituciones de Educación Superior. México98094 aNuevas tecnologías, nuevas profesionesb: las nuevas tecnologías y los efectos que ejercen sobre las profesiones y la formación en sectores promisorios de la actividad económica, en Cataluña y en Europa aMéxico, D.F. :bLa Asociación,c1995 a348 p. aBATCH-UPDb10c20130110lUCH01h1208 aBATCH-UPDb10c20130410lUCH01h0748 aBATCH-UPDb10c20130913lUCH01h2216 aCONVERSIONb10c20130109lUCH01h132314aAgrónomos.9220014aProfesiones.99223714aTecnología.91119370 aInstitut Catala de Noves Professions.958990 aBK cLIBRO a301.4446 A8YbBCcLIBROd33724000004206eLIBROh88960i47504mDsi c42396d42396 00102ddc4052708GRALaBCbBCcPA_GRALd2019-12-31fLIBROl0o301.4446 A8Yp33724000004206r2019-12-31 00:00:00w2019-12-31yLIBRO